| 000 | 00833nam0a22002531 4500 | ||
|---|---|---|---|
| 001 | rc\2771078 | ||
| 005 | 20250806203714.0 | ||
| 035 | _a(NLR Aleph) 006897452 | ||
| 090 |
_a28406 _c28406 |
||
| 100 | _a20110915d1941 u y0rusy50 ca | ||
| 101 | 0 | _arus | |
| 102 | _aRU | ||
| 105 | _aa z |||a| | ||
| 200 | 1 |
_aВ гостях у клоуна _e[Стихи] _e[Для дошкол. возраста] _fРис. Л. Каплана |
|
| 210 |
_a[Харьков] _cХарьк. обл. худож. фонд _d[1941] _eЛьвов |
||
| 215 |
_a16 ненум. с. _cил. _d10х15 см. |
||
| 702 | 1 |
_aКаплан _bЛ. _4440 |
|
| 801 | 0 |
_aRU _bNLR _gpsbo |
|
| 801 | 1 |
_aRU _bELAR _2rusmarc |
|
| 852 |
_aNLR _jДл02 Г-2/16 |
||
| 942 | _cBOOK | ||
| 945 | _aРоссийская национальная библиотека | ||
| 980 | _aNB | ||
| 980 | _aBV | ||